00612 2200217 4500001002100000005001500021035002000036007000300056008004100059020001800100082001200118084001800130100001700148245008400165250001200249260003600261300003600297700002300333504002900356990000900385INLIS00000000001668020230823031624 a0010-0823000053ta230823 g 0 ind  a9789791480123 a6333.88 a6333.88 ADI m0 aADI, Permadi1 aMembuat Kebun Tanaman Obat :bCiptakan pekarangan sehat nan asri /cAdi Permadi aCet. 1. aJakarta :bPustaka Bunda,c2008 avi, 126 hlm. :bIlus. ;c23 cm.0 aPenyunting; NOVIKA aDaftar Pustaka, hlm 125. a2536